000 00321nam a22001337a 4500
008 170608b xxu||||| |||| 00| 0 eng d
020 _a9780060183332
041 _aeng
080 _a32
100 _a18
101 _aSHP
245 _aLEON REDEMPTON URIS THE STORY OF TRINITY CONTINUES
_cCRY.B
942 _2udc
_cBK
999 _c16382
_d16382